The joy of laziness : (Record no. 207419)
[ view plain ]
| 000 -LEADER | |
|---|---|
| fixed length control field | 00565nam a22001817a 4500 |
| 005 - DATE AND TIME OF LATEST TRANSACTION | |
| control field | 20210809125111.0 |
| 008 - FIXED-LENGTH DATA ELEMENTS--GENERAL INFORMATION | |
| fixed length control field | 210809b ||||| |||| 00| 0 eng d |
| 020 ## - INTERNATIONAL STANDARD BOOK NUMBER | |
| International Standard Book Number | 08973934016 |
| 040 ## - CATALOGING SOURCE | |
| Original cataloging agency | Unza |
| Transcribing agency | Unza |
| 050 ## - LIBRARY OF CONGRESS CALL NUMBER | |
| Classification number | RA 776 AXT |
| Item number | 2003 |
| 100 ## - MAIN ENTRY--PERSONAL NAME | |
| Personal name | Peter Axt |
| 245 ## - TITLE STATEMENT | |
| Title | The joy of laziness : |
| Remainder of title | Why life is better slower -and how to get there |
| Statement of responsibility, etc. | Peter Axt and Michaela Axt-Gadermann |
| 260 ## - PUBLICATION, DISTRIBUTION, ETC. | |
| Place of publication, distribution, etc. | California |
| Name of publisher, distributor, etc. | Hunter house Inc |
| Date of publication, distribution, etc. | 2003 |
| 300 ## - PHYSICAL DESCRIPTION | |
| Extent | vi, 154p. |
| 504 ## - BIBLIOGRAPHY, ETC. NOTE | |
| Bibliography, etc. note | Includes index and bibiliographical references |
| 650 ## - SUBJECT ADDED ENTRY--TOPICAL TERM | |
| Topical term or geographic name entry element | Longevity |
| 999 ## - | |
| -- | 207419 |
| -- | 207419 |
| 942 ## - ADDED ENTRY ELEMENTS (KOHA) | |
| Koha item type | Book |
| Withdrawn status | Lost status | Source of classification or shelving scheme | Damaged status | Not for loan | Home library | Current library | Shelving location | Date acquired | Total Checkouts | Full call number | Barcode | Date last seen | Copy number | Price effective from | Koha item type |
|---|---|---|---|---|---|---|---|---|---|---|---|---|---|---|---|
| Library of Congress Classification | Livingstone Library | Livingstone Library | On Shelf | 08/09/2021 | RA 776 AXT 2003 | 33729001210744 | 08/09/2021 | 1 | 08/09/2021 | Book |